|
|
|
|
| LEADER |
00824naa a2200217 i 4500 |
| 001 |
publ22681 |
| 005 |
20211020101233.0 |
| 008 |
211020s2007 hu o 0|| Spanyol d |
| 020 |
|
|
|a 9789638652478
|
| 024 |
7 |
|
|a 2043989
|2 mtmt
|
| 040 |
|
|
|a SZTE Publicatio Repozitórium
|b hun
|
| 041 |
|
|
|a Spanyol
|
| 100 |
1 |
|
|a Csikós Zsuzsanna
|
| 245 |
1 |
3 |
|a El problema de la identidad en la cuentística de Carlos Fuentes
|h [elektronikus dokumentum] /
|c Csikós Zsuzsanna
|
| 260 |
|
|
|a Palimpszeszt Kulturális Alapítvány
|b Budapest
|c 2007
|
| 300 |
|
|
|a 10
|
| 300 |
|
|
|a 59-68
|
| 490 |
0 |
|
|a Az irodalom önismeret
|
| 650 |
|
4 |
|a Nyelvek és irodalom
|
| 856 |
4 |
0 |
|u http://publicatio.bibl.u-szeged.hu/22681/7/2043989.pdf
|z Dokumentum-elérés
|
| 856 |
4 |
0 |
|u http://publicatio.bibl.u-szeged.hu/22681/6/2043989_c%C3%ADmlap_tartj.pdf
|z Dokumentum-elérés
|